[Event "CHN-chT"]
[Site "Nanjing"]
[Date "2023.02.17"]
[Round "4.1"]
[White "Zheng, Yi"]
[Black "He, Ping"]
[Result "1/2-1/2"]
[WhiteElo "1998"]
[BlackElo "1868"]
[PlyCount "68"]
[EventDate "2023.02.14"]
[EventType "team-swiss"]
[EventRounds "9"]
[EventCountry "CHN"]
[SourceTitle "CBM 212 Extra"]
[Source "ChessBase"]
[SourceDate "2023.03.31"]
[SourceVersion "1"]
[SourceVersionDate "2023.03.31"]
[SourceQuality "1"]
[WhiteTeam "Liaoning"]
[BlackTeam "Hunan"]
[WhiteTeamCountry "CHN"]
[BlackTeamCountry "CHN"]

1. e4 c6 2. d4 d5 3. e5 Bf5 4. Bd3 Bxd3 5. Qxd3 e6 6. Ne2 c5 7. 0-0 Nc6 8. Be3 Qb6 9. Nbc3 cxd4 10. Bxd4 Nxd4 11. Nxd4 a6 12. Rad1 Ne7 13. Qh3 Ng6 14. Na4 Qb4 15. Nxe6 fxe6 16. Qxe6+ Qe7 17. Qxd5 Nf4 18. Qf3 Ne6 19. Nc3 Qf7 20. Qg4 Be7 21. f4 h5 22. Qg3 0-0 23. f5 Rad8 24. Rde1 Bb4 25. Re2 Nd4 26. Ref2 Bxc3 27. bxc3 Nc6 28. f6 Rde8 29. Rf5 h4 30. Qxh4 Nxe5 31. Qg3 Qc7 32. f7+ Rxf7 33. Rxf7 Qxf7 34. Rxf7 Kxf7 1/2-1/2